Virology (Record no. 16592)

000 -LEADER
fixed length control field 00367nam a22001457a 4500
008 - FIXED-LENGTH DATA ELEMENTS--GENERAL INFORMATION
fixed length control field 131128t xxu||||| |||| 00| 0 eng d
020 ## - INTERNATIONAL STANDARD BOOK NUMBER
International Standard Book Number 0340885610
040 ## - CATALOGING SOURCE
Original cataloging agency ASAB
Transcribing agency ASAB
100 ## - MAIN ENTRY--PERSONAL NAME
Personal name Brian W.J. Mahy
9 (RLIN) 325
245 ## - TITLE STATEMENT
Title Virology
250 ## - EDITION STATEMENT
Edition statement 10th Ed.
300 ## - PHYSICAL DESCRIPTION
Extent 340
440 ## - SERIES STATEMENT/ADDED ENTRY--TITLE
Title Topley and Wilson Microbiology and microbial infections
9 (RLIN) 326
942 ## - ADDED ENTRY ELEMENTS (KOHA)
Source of classification or shelving scheme
Koha item type Book
Holdings
Withdrawn status Lost status Source of classification or shelving scheme Damaged status Use restrictions Not for loan Collection code Permanent Location Current Location Date acquired Total Checkouts Full call number Barcode Date last seen Price effective from Koha item type
        Restricted Access     Atta-ur-Rahman School of Applied Biosciences (ASAB) Atta-ur-Rahman School of Applied Biosciences (ASAB) 11/28/2013   579.2 MAH ASAB510 12/08/2017 11/28/2013 Book
              Atta-ur-Rahman School of Applied Biosciences (ASAB) Atta-ur-Rahman School of Applied Biosciences (ASAB) 12/08/2017   579.2 MAH ASAB1235 12/08/2017 12/08/2017 Book
© 2023 Central Library, National University of Sciences and Technology. All Rights Reserved.